00341nam a2200097Ia 4500008004100000020002100041082001800062100005300080245010200133300000800235210430s9999 xx 000 0 und d a978-81317-0090-7 a620.11 S5241I aJames F. Shackelford, Madanapalli K. Muralidhara aIntroduction to Materials Science For EngineerscJames F. Shackelford, Madanapalli K. Muralidhara a778